Statistics for Most Populous U.S. Islands

Click here to take the quiz!

General Stats

  • This quiz has been taken 39 times
    (15 since last reset)
  • The average score is 12 of 29

Answer Stats

PopulationIsland% Correct
8,063,232Long Island
100%
1,694,251Manhattan
93%
200,629Hawaii (Big Island)
86%
26,444Key West
86%
1,016,508Oahu
86%
495,747Staten Island
86%
164,221Maui
71%
3,221,789Puerto Rico
64%
73,298Kauai
57%
17,265Martha's Vineyard
57%
168,801Guam
50%
54,774Galveston Island
43%
24,825Bainbridge Island
36%
60,109Rhode Island (Aquidneck Island)
36%
41,004Saint Croix
36%
55,876Tutuila
36%
73,812Alameda Island
29%
25,748Mercer Island
29%
69,480Whidbey Island
29%
21,389Grand Island
21%
38,069Hilton Head Island
21%
16,812Kent Island
21%
42,261Saint Thomas
21%
43,385Saipan
21%
20,700Fidalgo Island
14%
53,917Absecon Island
7%
17,356Camano Island
0%
21,500Johns Island
0%
15,760Marco Island
0%

Score Distribution

Percentile by Number Answered

Percent of People with Each Score

Your Score History

You have not taken this quiz since the last reset